LIBRARY & INFORMATION CENTRE, KCAET, TAVANUR

ONLINE PUBLIC ACCESS CATALOGUE (OPAC)

Micro Irrigation / (Record no. 3093)

MARC details
000 -LEADER
fixed length control field 00334cam a2200133ua 4500
020 ## - INTERNATIONAL STANDARD BOOK NUMBER
ISBN 8173362890
082 ## - DEWEY DECIMAL CLASSIFICATION NUMBER
Classification number 631.587
Item number SIN/MI
245 00 - TITLE STATEMENT
Title Micro Irrigation /
260 ## - PUBLICATION, DISTRIBUTION, ETC. (IMPRINT)
Place of publication :
Name of publisher Central Board of Irrigation and Power ,
Year of publication 2001.
300 ## - PHYSICAL DESCRIPTION
Number of Pages 774 ; .
700 ## - ADDED ENTRY--PERSONAL NAME
Personal name Singh, H. P .
700 ## - ADDED ENTRY--PERSONAL NAME
Personal name Kaushish S.P.
942 ## - ADDED ENTRY ELEMENTS (KOHA)
Koha item type Reference
Holdings
Withdrawn status Lost status Damaged status Collection code Home library Current library Shelving location Date acquired Full call number Accession Number Koha item type
      General Books KAUAET KAUAET General Stacks 07/04/2012 631.587.SIN/MI 20506 Books
free website counter